000 01173nam a22002657a 4500
999 _c64444
_d64444
005 20240530110732.0
008 160313s2017 ua a f b 000 0 ara d
017 _a2016/10072
_bمصر . دار الكتب المصرية
020 _a9789770530733
040 _aEG-CaGPL
_cEG-CaGPL
082 0 4 _221
_a371.3 \
_bع إ
100 0 _aعمرو سيد صالح عبدالعزيز
245 1 0 _aاستراتيجية البنتاجرام ونظرية تريز لحل المشكلات بطرق ابداعية :
_bدليل انشطة - تدريبات - اختبارات /
_cاعداد عمرو سيد صالح عبدالعزيز ، نفين قدرى موسى .
250 _aط.1
260 _aالقاهرة :
_bمكتبة الانجلو المصرية ،
_c2017 .
300 _a197 ص. ؛
_c24 سم .
504 _aيشتمل على ارجاعات ببليوجرافية
650 0 7 _2qrmak
_aحل المشكلات
650 0 7 _2qrmak
_aنظرية البنتاجرام
650 0 7 _2qrmak
_aنظرية تريز
651 _2qrmak
700 0 _aنفين قدرى موسى
_eمعد مشارك
942 _2ddc
_cBK